[Event "Prazsky pohar 2007"]
[Site "Praha"]
[Date "2007.10.30"]
[Round "4"]
[White "Ptak, Pavel"]
[Black "Plasek, Zdenek"]
[Result "0-1"]
[WhiteElo "2137"]
[BlackElo "2136"]
[PlyCount "115"]
[EventDate "2007.09.??"]
[EventType "swiss"]
[EventRounds "9"]
[EventCountry "CZE"]
[SourceDate "2007.10.10"]

1. e4 c5 2. Nf3 e6 3. d4 cxd4 4. Nxd4 a6 5. c4 d6 6. Nc3 b6 7. Bd3 Bb7 8. O-O
Nf6 9. b3 Be7 10. Bb2 O-O 11. Qe2 Qc7 12. Rac1 Nbd7 13. Kh1 Ne5 14. Bb1 Rac8
15. f4 Nc6 16. Nxc6 Bxc6 17. e5 Nd7 18. a4 Rfe8 19. Nd5 exd5 20. cxd5 Nc5 21.
dxc6 g6 22. Qc2 a5 23. Qc3 dxe5 24. fxe5 Ne6 25. Qf3 Bc5 26. Rcd1 Re7 27. Rd6
f5 28. exf6 Qxd6 29. fxe7 Qxe7 30. Qd5 Qd6 31. Be4 Rf8 32. Rd1 Qe7 33. h3 Qf7
34. Bf3 Be7 35. Qe5 Bf6 36. Qxf6 Qxf6 37. Bxf6 Rxf6 38. Rd8+ Kg7 39. Rd7+ Rf7
40. Rxf7+ Kxf7 41. Bd5 Ke7 42. Kg1 Nd4 43. Kf2 Kd6 44. Ke3 Nxc6 45. Bc4 Ke5 46.
Bg8 h6 47. Kd3 Nd4 48. Ke3 Nf5+ 49. Kd3 Nd6 50. Ke3 Nf5+ 51. Kd3 Nd4 52. Ke3 g5
53. Bc4 h5 54. Bf7 h4 55. Bh5 Nxb3 56. Kd3 Nc5+ 57. Kc3 Nxa4+ 58. Kb3 0-1

[Event "Prazsky pohar 2007"]
[Site "Praha"]
[Date "2007.10.30"]
[Round "4"]
[White "Smutny, Jan"]
[Black "Pirklova, Hana"]
[Result "1-0"]
[WhiteElo "2170"]
[BlackElo "2181"]
[PlyCount "61"]
[EventDate "2007.09.??"]
[EventType "swiss"]
[EventRounds "9"]
[EventCountry "CZE"]
[SourceDate "2007.10.10"]

1. e4 e6 2. d4 d5 3. Nd2 Nf6 4. Bd3 c5 5. dxc5 dxe4 6. Nxe4 Nxe4 7. Bxe4 Qxd1+
8. Kxd1 Bxc5 9. Ke2 O-O 10. Nf3 f5 11. Bd3 Nc6 12. c3 Kh8 13. b4 Bd6 14. Rd1
Bc7 15. Bc4 h6 16. Bb2 e5 17. b5 Na5 18. Bd5 Bd7 19. c4 e4 20. Ne5 Be8 21. f3
exf3+ 22. gxf3 Bh5 23. Kd3 Rad8 24. Rg1 Bxe5 25. Bxe5 Rf7 26. Kc3 Re7 27. Rae1
b6 28. f4 Kh7 29. Bf6 Rxe1 30. Rxg7+ Kh8 31. Re7# 1-0

[Event "Prazsky pohar 2007"]
[Site "Praha"]
[Date "2007.11.06"]
[Round "5"]
[White "Kubecka, David"]
[Black "Srba, Milan"]
[Result "1/2-1/2"]
[WhiteElo "2271"]
[BlackElo "2225"]
[PlyCount "55"]
[EventDate "2007.09.??"]
[EventType "swiss"]
[EventRounds "9"]
[EventCountry "CZE"]
[SourceDate "2007.10.10"]

1. e4 e6 2. d4 d5 3. Nc3 Nf6 4. Bg5 Bb4 5. e5 h6 6. Bd2 Bxc3 7. bxc3 Ne4 8. Qg4
g6 9. Bd3 Nxd2 10. Kxd2 c5 11. Nf3 Nc6 12. h4 Qe7 13. Qf4 Bd7 14. Rab1 O-O-O
15. Qf6 Qf8 16. Qf4 Na5 17. dxc5 Qxc5 18. Nd4 Kb8 19. Nb3 Qc7 20. Nxa5 Qxa5 21.
Rb4 Bc6 22. Qd4 g5 23. g3 Ka8 24. Rbb1 Qc7 25. Rbe1 Qa5 26. Rb1 Qc7 27. Rbe1
Qa5 28. Rb1 1/2-1/2

[Event "Prazsky pohar 2007"]
[Site "Praha"]
[Date "2007.11.06"]
[Round "5"]
[White "Seleljo, Daniel"]
[Black "Siktanc, Petr"]
[Result "1/2-1/2"]
[WhiteElo "2259"]
[BlackElo "2162"]
[PlyCount "76"]
[EventDate "2007.09.??"]
[EventType "swiss"]
[EventRounds "9"]
[EventCountry "CZE"]
[SourceDate "2007.10.10"]

1. d4 Nf6 2. Nf3 c6 3. g3 d5 4. Bg2 Bf5 5. O-O h6 6. c4 e6 7. Nc3 Nbd7 8. b3
Bd6 9. a4 Qe7 10. Bf4 O-O 11. Qc1 Rad8 12. Bxd6 Qxd6 13. Qa3 Qxa3 14. Rxa3 Rfe8
15. cxd5 exd5 16. a5 a6 17. b4 Ne4 18. e3 Nd6 19. Rc1 Bd3 20. Nxd5 Be4 21. Nc3
f5 22. Nxe4 fxe4 23. Nd2 Nf6 24. Rb3 Re7 25. Nb1 Rf8 26. h3 Rd8 27. Nc3 Nf7 28.
Na4 Nd5 29. Nc5 Nd6 30. h4 g5 31. hxg5 hxg5 32. Bh3 Kf7 33. f3 Rh8 34. Bg4 Nf6
35. Rc2 Nxg4 36. fxg4 Kg6 37. Rh2 Rxh2 38. Kxh2 Ne8 1/2-1/2

[Event "Prazsky pohar 2007"]
[Site "Praha"]
[Date "2007.11.06"]
[Round "5"]
[White "Plasek, Zdenek"]
[Black "Sodoma, Jan"]
[Result "0-1"]
[WhiteElo "2136"]
[BlackElo "2328"]
[PlyCount "122"]
[EventDate "2007.09.??"]
[EventType "swiss"]
[EventRounds "9"]
[EventCountry "CZE"]
[SourceDate "2007.10.10"]

1. d4 d5 2. c4 c6 3. Nc3 Nf6 4. Nf3 e6 5. cxd5 exd5 6. Bg5 h6 7. Bf4 Be7 8. Qc2
O-O 9. h3 c5 10. e3 Nc6 11. Be2 c4 12. O-O a6 13. Ne5 Na5 14. Bg3 b5 15. a3 Qb6
16. f4 Nb3 17. Rad1 a5 18. Bf3 Bb7 19. Bh4 Rfd8 20. g4 b4 21. Nb1 Re8 22. Qg2
Qe6 23. Rfe1 Ne4 24. Bxe7 Rxe7 25. Bxe4 dxe4 26. Nd2 Nxd2 27. Qxd2 bxa3 28.
bxa3 Bd5 29. Rb1 Kh7 30. Qc3 f6 31. f5 Qd6 32. Ng6 Qg3+ 33. Kf1 Qxh3+ 34. Ke2
Qxg4+ 35. Kd2 Ree8 36. Rb5 Qxf5 37. Nf4 Red8 38. Rxa5 g5 39. Ne2 Rab8 40. Qc2
Qe6 41. Nc3 Rb6 42. Nxd5 Rxd5 43. Ra7+ Kg6 44. Qxc4 Rxd4+ 45. Qxd4 Rd6 46. Ra4
Qa2+ 47. Kd1 Rxd4+ 48. Rxd4 Qxa3 49. Ke2 f5 50. Red1 g4 51. Rd5 h5 52. Rd8 Qa2+
53. R1d2 Qc4+ 54. Kf2 h4 55. R2d4 g3+ 56. Ke1 Qc1+ 57. Ke2 Qc2+ 58. Rd2 Qc4+
59. Ke1 h3 60. R2d6+ Kg5 61. Rd5 Qxd5 0-1

[Event "Prazsky pohar 2007"]
[Site "Praha"]
[Date "2007.11.06"]
[Round "5"]
[White "Soural, Jan"]
[Black "Blumel, Otto"]
[Result "1-0"]
[WhiteElo "2227"]
[BlackElo "2213"]
[PlyCount "29"]
[EventDate "2007.09.??"]
[EventType "swiss"]
[EventRounds "9"]
[EventCountry "CZE"]
[SourceDate "2007.10.10"]

1. d4 d5 2. c4 e6 3. Nc3 c6 4. Nf3 Nf6 5. e3 dxc4 6. Bxc4 b5 7. Bd3 a6 8. O-O
c5 9. a4 b4 10. Ne4 cxd4 11. exd4 Nd5 12. Ne5 Nd7 13. Nxf7 Kxf7 14. Ng5+ Kg8
15. Qh5 1-0

[Event "Prazsky pohar 2007"]
[Site "Praha"]
[Date "2007.11.06"]
[Round "5"]
[White "Haba, Zdenek"]
[Black "Smid, Miroslav"]
[Result "1/2-1/2"]
[WhiteElo "2201"]
[BlackElo "2215"]
[PlyCount "71"]
[EventDate "2007.09.??"]
[EventType "swiss"]
[EventRounds "9"]
[EventCountry "CZE"]
[SourceDate "2007.10.10"]

1. d4 d5 2. c4 e6 3. Nc3 Nf6 4. cxd5 exd5 5. Bg5 Be7 6. e3 c6 7. Bd3 Nbd7 8.
Qc2 O-O 9. Nge2 Re8 10. h3 Nf8 11. O-O-O Ne4 12. Bxe7 Qxe7 13. Bxe4 dxe4 14. g4
f5 15. gxf5 Bxf5 16. Ng3 Bg6 17. h4 h6 18. h5 Bh7 19. Rdg1 Kh8 20. Nge2 Ne6 21.
Kb1 Rf8 22. Rg2 Rf7 23. Ka1 Raf8 24. d5 cxd5 25. Nxd5 Qd6 26. Nef4 Nxf4 27.
Nxf4 Rc7 28. Qd1 Rfc8 29. Kb1 Qa6 30. Qd4 Bg8 31. b3 Qc6 32. Qb2 Qc2+ 33. Qxc2
Rxc2 34. Rd1 R2c7 35. Rd2 b5 36. Rg6 1/2-1/2

[Event "Prazsky pohar 2007"]
[Site "Praha"]
[Date "2007.11.06"]
[Round "5"]
[White "Erneker, Josef"]
[Black "Pirklova, Hana"]
[Result "1-0"]
[WhiteElo "2217"]
[BlackElo "2181"]
[PlyCount "53"]
[EventDate "2007.09.??"]
[EventType "swiss"]
[EventRounds "9"]
[EventCountry "CZE"]
[SourceDate "2007.10.10"]

1. d4 Nf6 2. c4 g6 3. g3 Bg7 4. Bg2 c6 5. e4 d6 6. Ne2 O-O 7. O-O e5 8. Nbc3
Be6 9. b3 Qc8 10. Re1 Na6 11. Bb2 Re8 12. Qd2 Bh3 13. Bh1 h5 14. Rad1 h4 15.
Ba3 hxg3 16. hxg3 c5 17. dxe5 dxe5 18. Nd5 Qg4 19. Nec3 Qh5 20. Nxf6+ Bxf6 21.
Nd5 Bg5 22. f4 exf4 23. gxf4 Bh4 24. Bb2 Qg4+ 25. Bg2 Bxe1 26. Nf6+ Kf8 27.
Qd6+ 1-0

[Event "Prazsky pohar 2007"]
[Site "Praha"]
[Date "2007.11.06"]
[Round "5"]
[White "Ptak, Pavel"]
[Black "Smutny, Jan"]
[Result "1/2-1/2"]
[WhiteElo "2137"]
[BlackElo "2170"]
[PlyCount "71"]
[EventDate "2007.09.??"]
[EventType "swiss"]
[EventRounds "9"]
[EventCountry "CZE"]
[SourceDate "2007.10.10"]

1. d4 d5 2. Nf3 c6 3. g3 g6 4. Bg2 Bg7 5. O-O Nd7 6. Nc3 Ngf6 7. Re1 O-O 8. e4
Nxe4 9. Nxe4 dxe4 10. Rxe4 Nf6 11. Re1 Bg4 12. h3 Be6 13. Rxe6 fxe6 14. Qe2 Qe8
15. Ng5 Rc8 16. Nxe6 Rf7 17. h4 Nd7 18. Bh3 b6 19. h5 Kh8 20. hxg6 hxg6 21. Qg4
Rf5 22. Bg5 Qf7 23. Qh4+ Kg8 24. Bxf5 Qxf5 25. Nxg7 Kxg7 26. Bh6+ Kf7 27. Qf4
c5 28. dxc5 Rxc5 29. Rd1 Ne5 30. Qxf5+ gxf5 31. c3 Rc6 32. Bf4 Ng6 33. Be3 a6
34. Kg2 b5 35. Rd8 Ne5 36. Kf1 1/2-1/2

[Event "Prazsky pohar 2007"]
[Site "Praha"]
[Date "2007.11.13"]
[Round "6"]
[White "Sodoma, Jan"]
[Black "Srba, Milan"]
[Result "1/2-1/2"]
[WhiteElo "2328"]
[BlackElo "2225"]
[PlyCount "52"]
[EventDate "2007.09.??"]
[EventType "swiss"]
[EventRounds "9"]
[EventCountry "CZE"]
[SourceDate "2007.10.10"]

1. d4 Nf6 2. c4 c6 3. Nf3 d5 4. e3 e6 5. Bd3 Nbd7 6. Nbd2 Bd6 7. O-O O-O 8. e4
dxe4 9. Nxe4 Nxe4 10. Bxe4 e5 11. dxe5 Nxe5 12. Nxe5 Bxe5 13. Bxh7+ Kxh7 14.
Qh5+ Kg8 15. Qxe5 Re8 16. Qc3 Bf5 17. Bf4 Re4 18. Rad1 Qe7 19. Bd6 Qe6 20. b3
Re8 21. Bc5 Re2 22. a4 b6 23. Bd4 Bc2 24. Rc1 Qg6 25. c5 bxc5 26. Bxc5 a6
1/2-1/2

[Event "Prazsky pohar 2007"]
[Site "Praha"]
[Date "2007.11.13"]
[Round "6"]
[White "Siktanc, Petr"]
[Black "Kubecka, David"]
[Result "1/2-1/2"]
[WhiteElo "2162"]
[BlackElo "2271"]
[PlyCount "96"]
[EventDate "2007.09.??"]
[EventType "swiss"]
[EventRounds "9"]
[EventCountry "CZE"]
[SourceDate "2007.10.10"]

1. d4 Nf6 2. Nf3 g6 3. g3 Bg7 4. Bg2 O-O 5. O-O d6 6. b3 e5 7. dxe5 Ng4 8. Bb2
Nc6 9. Qc1 Ncxe5 10. Nxe5 Nxe5 11. c4 Bg4 12. Nc3 Nc6 13. h3 Be6 14. Qd2 a5 15.
Kh2 f6 16. Rac1 Kh8 17. Nd5 Bxd5 18. cxd5 Nb8 19. a3 Rf7 20. Bd4 f5 21. Bxg7+
Kxg7 22. Rc4 b6 23. f4 Nd7 24. Qc3+ Nf6 25. e4 fxe4 26. Rxe4 Kg8 27. Re6 Ne8
28. h4 Ng7 29. Bh3 Qf8 30. Rfe1 Rd8 31. R6e2 Ra8 32. Be6 Nxe6 33. Rxe6 Qh6 34.
Qf3 Raf8 35. Kh3 Qg7 36. a4 Qd4 37. Rd1 Qc5 38. Qe3 Qc2 39. Qd3 Qb2 40. Re2 Qg7
41. Rde1 Qf6 42. Re6 Qb2 43. R1e2 Qa1 44. Kg2 Qc1 45. Qc2 Qa1 46. R6e3 Qg7 47.
Qb2 Qh6 48. Qc3 Qh5 1/2-1/2

[Event "Prazsky pohar 2007"]
[Site "Praha"]
[Date "2007.11.15"]
[Round "6"]
[White "Seleljo, Daniel"]
[Black "Soural, Jan"]
[Result "1/2-1/2"]
[WhiteElo "2259"]
[BlackElo "2227"]
[PlyCount "79"]
[EventDate "2007.09.??"]
[EventType "swiss"]
[EventRounds "9"]
[EventCountry "CZE"]
[SourceDate "2007.10.10"]

1. d4 Nf6 2. Nf3 g6 3. c4 Bg7 4. Nc3 d6 5. e4 O-O 6. Be2 Nbd7 7. O-O e5 8. d5
Nc5 9. Qc2 a5 10. Bg5 h6 11. Bh4 Bd7 12. Nd2 Qe8 13. b3 Nh7 14. f3 f5 15. a3
Nf6 16. Nb5 Na6 17. Bf2 Nh5 18. g3 Nf6 19. Bd3 fxe4 20. Nxe4 Nxe4 21. Bxe4 Bf5
22. Be3 Qd7 23. Rad1 b6 24. Bxf5 Qxf5 25. Qe4 Rf7 26. g4 Qf6 27. f4 Raf8 28.
fxe5 Qxe5 29. Qxe5 Rxf1+ 30. Rxf1 Rxf1+ 31. Kxf1 Bxe5 32. h3 Kg7 33. Ke2 Kf6
34. Kf3 h5 35. gxh5 gxh5 36. Ke4 Nc5+ 37. Bxc5 dxc5 38. a4 Bg3 39. Nc3 Kg5 40.
Kf3 1/2-1/2

[Event "Prazsky pohar 2007"]
[Site "Praha"]
[Date "2007.11.13"]
[Round "6"]
[White "Blumel, Otto"]
[Black "Erneker, Josef"]
[Result "0-1"]
[WhiteElo "2213"]
[BlackElo "2217"]
[PlyCount "60"]
[EventDate "2007.09.??"]
[EventType "swiss"]
[EventRounds "9"]
[EventCountry "CZE"]
[SourceDate "2007.10.10"]

1. d4 Nf6 2. Nc3 d5 3. e4 Nxe4 4. Nxe4 dxe4 5. f3 Bf5 6. Bc4 e6 7. Be3 c6 8.
Qe2 Nd7 9. g4 exf3 10. Nxf3 Bxg4 11. O-O-O Nb6 12. Bb3 Nd5 13. Rhg1 Bh5 14. Bd2
Bd6 15. Rxg7 Qf6 16. Bxd5 Qxg7 17. Be4 O-O-O 18. Be3 f5 19. Rg1 Qc7 20. Bd3 Bf4
21. Bc4 Rhe8 22. c3 Kb8 23. Rf1 Bxf3 24. Rxf3 Bxe3+ 25. Rxe3 Qf4 26. Kc2 Qg4
27. Qe1 f4 28. Re5 f3 29. Qe3 Rf8 30. Rg5 Qf4 0-1

[Event "Prazsky pohar 2007"]
[Site "Praha"]
[Date "2007.11.25"]
[Round "6"]
[White "Smid, Miroslav"]
[Black "Ptak, Pavel"]
[Result "1-0"]
[WhiteElo "2215"]
[BlackElo "2137"]
[PlyCount "43"]
[EventDate "2007.09.??"]
[EventType "swiss"]
[EventRounds "9"]
[EventCountry "CZE"]
[SourceDate "2007.10.10"]

1. e4 g6 2. d4 Bg7 3. Nc3 c6 4. Nf3 d5 5. h3 Nf6 6. e5 Ne4 7. Nxe4 dxe4 8. Ng5
c5 9. Bc4 O-O 10. c3 cxd4 11. cxd4 b5 12. Bb3 Bb7 13. h4 Nc6 14. Be3 Na5 15. h5
Nxb3 16. hxg6 fxg6 17. axb3 Bd5 18. Nxh7 Rf5 19. Ng5 Qb6 20. Qg4 Rc8 21. Nxe4
Rh5 22. Qxc8+ 1-0

[Event "Prazsky pohar 2007"]
[Site "Praha"]
[Date "2007.11.13"]
[Round "6"]
[White "Smutny, Jan"]
[Black "Haba, Zdenek"]
[Result "1-0"]
[WhiteElo "2170"]
[BlackElo "2201"]
[PlyCount "75"]
[EventDate "2007.09.??"]
[EventType "swiss"]
[EventRounds "9"]
[EventCountry "CZE"]
[SourceDate "2007.10.10"]

1. e4 c5 2. c3 g6 3. d4 cxd4 4. cxd4 d5 5. e5 Nc6 6. Nc3 Nh6 7. Bb5 Bg7 8. Nge2
O-O 9. Be3 Nf5 10. Qd2 Nxe3 11. Qxe3 Nb4 12. Ba4 Bd7 13. Bb3 e6 14. O-O Nc6 15.
f4 Na5 16. Bc2 Nc4 17. Qc1 b5 18. b3 Nb6 19. Bd3 a6 20. Qd2 Qe7 21. Rf3 b4 22.
Nd1 a5 23. Ne3 a4 24. Raf1 axb3 25. axb3 Ra3 26. Ng3 Rxb3 27. f5 exf5 28. Nexf5
gxf5 29. Nh5 Qh4 30. Rh3 Qxd4+ 31. Kh1 Rxd3 32. Rxd3 Qxe5 33. Rg3 f4 34. Rxg7+
Kh8 35. Qxb4 Rb8 36. Rxf7 Kg8 37. R7xf4 Qxh5 38. Rf8+ 1-0

[Event "Prazsky pohar 2007"]
[Site "Praha"]
[Date "2007.11.13"]
[Round "6"]
[White "Pirklova, Hana"]
[Black "Plasek, Zdenek"]
[Result "1-0"]
[WhiteElo "2181"]
[BlackElo "2136"]
[Annotator "Kubeèka,David"]
[PlyCount "157"]
[EventDate "2007.09.??"]
[EventType "swiss"]
[EventRounds "9"]
[EventCountry "CZE"]
[SourceDate "2007.10.10"]

1. e4 c5 2. Nf3 e6 3. d4 cxd4 4. Nxd4 a6 5. Nc3 d6 6. a4 Nf6 7. Be2 Be7 8. O-O
O-O 9. Be3 Qc7 10. Nb3 b6 11. f4 Bb7 12. Bf3 Nc6 13. Qe2 Nd7 14. Rad1 Nb4 15.
Qf2 Rfe8 16. Rd2 Nc5 17. Nd4 g6 18. Qg3 Bf8 19. e5 Nd5 20. Bxd5 exd5 21. exd6
Bxd6 22. Nf5 Bf8 23. Bd4 Ne4 24. Nxe4 Rxe4 25. Be5 Qd7 26. Nd4 Be7 27. f5 Bh4
28. Qh3 Qxa4 29. fxg6 hxg6 30. c3 Bc8 31. Qf3 Qe8 32. Bf4 Bd7 33. h3 Qe7 34.
Bg3 Bg5 35. Rc2 Rc8 36. Qd1 Ba4 37. b3 Bd7 38. Kh2 Re3 39. Nf3 Bf6 40. Re1 Rxe1
41. Bxe1 Be6 42. Nd4 Qd6+ 43. Bg3 Be5 44. Qf3 Bxg3+ 45. Qxg3 Qxg3+ 46. Kxg3 a5
47. Kf4 Re8 48. Rd2 Bd7 49. Nf3 Re4+ 50. Kg3 Be6 51. Kf2 Kg7 52. Ng5 Re5 53.
Nf3 Re4 54. Ng5 Rf4+ 55. Ke3 Rf5 56. Nf3 Rh5 57. Nd4 Rh8 58. Kf4 Kf6 59. Nf3
Rc8 60. Rd3 Rc5 61. Nd4 Bf5 62. Re3 Be4 63. g4 g5+ 64. Kg3 b5 65. b4 axb4 66.
cxb4 Rc4 67. Nxb5 Rxb4 68. Nd6 Ke5 69. Nxf7+ Kf6 70. Nd6 {(=)} Ke5 71. Nf7+ Kd4
72. Ra3 Rb2 73. Nxg5 Bd3 {(=)} 74. Nf3+ Kc4 75. Ne5+ Kd4 76. Nxd3 Ke4 77. h4
Rd2 78. h5 Rd1 79. Nf2+ 1-0

[Event "Prazsky pohar 2007"]
[Site "Praha"]
[Date "2007.11.20"]
[Round "7"]
[White "Sodoma, Jan"]
[Black "Siktanc, Petr"]
[Result "0-1"]
[WhiteElo "2328"]
[BlackElo "2162"]
[PlyCount "70"]
[EventDate "2007.09.??"]
[EventType "swiss"]
[EventRounds "9"]
[EventCountry "CZE"]
[SourceDate "2007.10.10"]

1. e4 e6 2. d4 d5 3. e5 c5 4. c3 Qb6 5. Nf3 Nc6 6. a3 Nh6 7. b4 cxd4 8. cxd4
Nf5 9. Be3 f6 10. Bd3 Nxe3 11. fxe3 fxe5 12. b5 Nxd4 13. exd4 e4 14. Bxe4 dxe4
15. Ne5 Bd7 16. Nc3 O-O-O 17. Nf7 Be7 18. Nxh8 Rf8 19. Rf1 Bf6 20. Nxe4 Bxb5
21. Rc1+ Kb8 22. Nxf6 gxf6 23. Rf3 e5 24. Qc2 Rxh8 25. Rxf6 Qa5+ 26. Kf2 exd4
27. Rf7 Bc6 28. Qd3 Rg8 29. Rg1 Qd5 30. Qxh7 Qa2+ 31. Ke1 Qa1+ 32. Ke2 Qb2+ 33.
Kd1 Ba4+ 34. Ke1 Qc3+ 35. Kf2 Qe3+ 0-1

[Event "Prazsky pohar 2007"]
[Site "Praha"]
[Date "2007.11.20"]
[Round "7"]
[White "Kubecka, David"]
[Black "Soural, Jan"]
[Result "1/2-1/2"]
[WhiteElo "2271"]
[BlackElo "2227"]
[PlyCount "94"]
[EventDate "2007.09.??"]
[EventType "swiss"]
[EventRounds "9"]
[EventCountry "CZE"]
[SourceDate "2007.10.10"]

1. e4 c5 2. Nf3 d6 3. d4 cxd4 4. Nxd4 Nf6 5. Nc3 a6 6. Bc4 e6 7. Be3 Qc7 8. Bb3
b5 9. O-O Be7 10. f4 O-O 11. f5 e5 12. Nde2 Bb7 13. Ng3 Nbd7 14. Kh1 b4 15. Nd5
Bxd5 16. Bxd5 Nxd5 17. Qxd5 Nf6 18. Qd2 d5 19. Bg5 dxe4 20. Bxf6 Rfd8 21. Qe2
Bxf6 22. Nxe4 Qc6 23. Rad1 Rac8 24. c3 a5 25. h3 bxc3 26. bxc3 h6 27. Kh2 Kh7
28. Kg3 Rxd1 29. Rxd1 Qc4 30. Qxc4 Rxc4 31. Kf3 Kg8 32. Rb1 Ra4 33. Rb8+ Kh7
34. Rb2 Kg8 35. Ke3 Kf8 36. Kd3 Ke8 37. g4 Be7 38. Re2 Kd7 39. h4 Kc6 {(=)} 40.
g5 hxg5 41. hxg5 Kd5 42. Rc2 Rc4 43. Re2 Bd8 44. Re1 Be7 45. Re2 Bd8 46. Re3
Bb6 47. Re2 Bd8 1/2-1/2

[Event "Prazsky pohar 2007"]
[Site "Praha"]
[Date "2007.11.20"]
[Round "7"]
[White "Srba, Milan"]
[Black "Seleljo, Daniel"]
[Result "0-1"]
[WhiteElo "2225"]
[BlackElo "2259"]
[PlyCount "144"]
[EventDate "2007.09.??"]
[EventType "swiss"]
[EventRounds "9"]
[EventCountry "CZE"]
[SourceDate "2007.10.10"]

1. e4 d5 2. exd5 Nf6 3. Bb5+ Bd7 4. Bc4 Bg4 5. f3 Bf5 6. Nc3 Nbd7 7. Nge2 Nb6
8. b3 Nfxd5 9. Nxd5 Nxd5 10. Ng3 Bg6 11. O-O e6 12. Bb2 Bc5+ 13. Kh1 O-O 14. f4
Nb6 15. Be2 Qh4 16. Be5 f6 17. Bxc7 Nd5 18. f5 Nxc7 19. fxg6 hxg6 20. Bf3 Bd6
21. Qe1 Kf7 22. Kg1 Rh8 23. Kf2 f5 24. Ke2 Qxh2 25. Nh1 Qe5+ 26. Kd3 Rad8 27.
c3 b5 28. Qxe5 Bxe5+ 29. Kc2 Bf6 30. b4 e5 31. a4 e4 32. Be2 Bg5 33. d3 Nd5 34.
dxe4 Ne3+ 35. Kb3 Nxf1 36. Rxf1 bxa4+ 37. Kxa4 Rd2 38. Bc4+ Ke7 39. exf5 gxf5
40. Rxf5 Bf6 41. Nf2 Rh4 42. g4 Bxc3 43. Ne4 Rd4 44. Bd5 Rxb4+ 45. Ka3 Rxe4 46.
Bxe4 Rxg4 47. Bd5 a5 48. Kb3 Bb4 49. Bc4 Rg3+ 50. Ka4 g5 51. Rf7+ Kd6 52. Kb5
Rg1 53. Rg7 g4 54. Be2 g3 55. Bf3 Ke5 56. Rg4 Kf5 57. Ka4 Be1 58. Kb3 Rf1 59.
Bd1 Rf4 60. Rg8 Rb4+ 61. Ka3 Kf4 62. Rf8+ Ke3 63. Re8+ Re4 64. Rg8 Bb4+ 65. Ka4
Kf2 66. Bb3 Bd2+ 67. Ka3 Bc1+ 68. Ka2 Re2+ 69. Ka1 g2 70. Rf8+ Bf4 71. Rxf4+
Kg3 72. Ba2 Rxa2+ 0-1

[Event "Prazsky pohar 2007"]
[Site "Praha"]
[Date "2007.11.20"]
[Round "7"]
[White "Erneker, Josef"]
[Black "Smid, Miroslav"]
[Result "0-1"]
[WhiteElo "2217"]
[BlackElo "2215"]
[PlyCount "80"]
[EventDate "2007.09.??"]
[EventType "swiss"]
[EventRounds "9"]
[EventCountry "CZE"]
[SourceDate "2007.10.10"]

1. d4 Nf6 2. c4 e6 3. Nf3 d5 4. g3 c6 5. Nbd2 Be7 6. Bg2 dxc4 7. Nxc4 b5 8.
Nce5 O-O 9. O-O Bb7 10. Qc2 Qb6 11. Nd3 Nbd7 12. b4 a5 13. Bd2 axb4 14. Bxb4
Bxb4 15. Nxb4 c5 16. dxc5 Nxc5 17. Ne5 Bxg2 18. Kxg2 Rfd8 19. Rad1 Rac8 20.
Nec6 Rxc6 21. Rxd8+ Qxd8 22. Nxc6 Qd5+ 23. f3 Qxc6 24. Rd1 Qb6 25. e4 h6 26. h4
b4 27. Qc4 Qa5 28. Rd4 b3 29. axb3 Qa2+ 30. Kh3 Qa1 31. Rd2 Qh1+ 32. Rh2 Qxf3
33. Qxc5 Nxe4 34. Qc8+ Kh7 35. Rg2 Nf2+ 36. Kh2 Ng4+ 37. Kh3 Ne3 38. Rg1 Qf5+
39. Kh2 Qf2+ 40. Kh1 Ng4 0-1

[Event "Prazsky pohar 2007"]
[Site "Praha"]
[Date "2007.11.20"]
[Round "7"]
[White "Plasek, Zdenek"]
[Black "Smutny, Jan"]
[Result "0-1"]
[WhiteElo "2136"]
[BlackElo "2170"]
[PlyCount "64"]
[EventDate "2007.09.??"]
[EventType "swiss"]
[EventRounds "9"]
[EventCountry "CZE"]
[SourceDate "2007.10.10"]

1. Nf3 d5 2. d4 c6 3. c4 g6 4. e3 Bg7 5. Nc3 Nf6 6. Qb3 O-O 7. Bd2 a5 8. cxd5
cxd5 9. Ne5 Nc6 10. Nxc6 bxc6 11. Na4 Ne4 12. Bc3 Qd6 13. Bd3 Rb8 14. Qc2 Nxc3
15. bxc3 e5 16. O-O f5 17. f4 exf4 18. exf4 Re8 19. g3 Rb7 20. Ba6 Rbe7 21.
Bxc8 Rxc8 22. Rfe1 Rce8 23. Kf2 g5 24. fxg5 f4 25. Rxe7 Qxe7 26. Qd2 Qxg5 27.
Kf1 Qg4 28. Re1 Rf8 29. Kg2 f3+ 30. Kf2 Qh3 31. Rf1 Qg2+ 32. Ke1 Re8+ 0-1

[Event "Prazsky pohar 2007"]
[Site "Praha"]
[Date "2007.11.20"]
[Round "7"]
[White "Pirklova, Hana"]
[Black "Blumel, Otto"]
[Result "1-0"]
[WhiteElo "2181"]
[BlackElo "2213"]
[PlyCount "59"]
[EventDate "2007.09.??"]
[EventType "swiss"]
[EventRounds "9"]
[EventCountry "CZE"]
[SourceDate "2007.10.10"]

1. e4 c5 2. Nf3 Nf6 3. Nc3 Nc6 4. d4 d5 5. exd5 Nxd5 6. Nxd5 Qxd5 7. dxc5 Qxd1+
8. Kxd1 Bg4 9. Be3 e5 10. Be2 O-O-O+ 11. Kc1 f5 12. Ng1 Bxe2 13. Nxe2 f4 14.
Bd2 Bxc5 15. f3 Rxd2 16. Kxd2 Rd8+ 17. Kc3 Rd6 18. Rad1 Rg6 19. g4 fxg3 20.
hxg3 Nd4 21. Nxd4 Bxd4+ 22. Kc4 Bxb2 23. Rxh7 Rxg3 24. Rd3 Bc1 25. Rh8+ Kc7 26.
Rhd8 Rg6 27. R8d7+ Kc6 28. Re7 Rg2 29. Kb3 Bf4 30. Rc3+ 1-0

[Event "Prazsky pohar 2007"]
[Site "Praha"]
[Date "2007.11.20"]
[Round "7"]
[White "Haba, Zdenek"]
[Black "Ptak, Pavel"]
[Result "1-0"]
[WhiteElo "2201"]
[BlackElo "2137"]
[PlyCount "121"]
[EventDate "2007.09.??"]
[EventType "swiss"]
[EventRounds "9"]
[EventCountry "CZE"]
[SourceDate "2007.10.10"]

1. e4 g6 2. d4 Bg7 3. c4 c5 4. d5 d6 5. Nc3 Nf6 6. Bg5 h6 7. Bh4 Qa5 8. Bd3 O-O
9. f4 e6 10. Nge2 exd5 11. exd5 b5 12. Bxf6 Bxf6 13. cxb5 a6 14. O-O axb5 15.
Bxb5 Bg4 16. Qc2 Bd4+ 17. Nxd4 cxd4 18. Ne4 Bf5 19. Bd3 Bxe4 20. Bxe4 f5 21.
Bf3 Na6 22. a3 Rac8 23. Qf2 Qa4 24. Rad1 Rc2 25. Rxd4 Qb3 26. Rd2 Rxd2 27. Qxd2
Rb8 28. Rf2 Nc5 29. Qd4 Re8 30. h4 Re1+ 31. Kh2 Qe3 32. Qxe3 Rxe3 33. b4 Na4
34. Re2 Rxa3 35. Re6 Kg7 36. h5 gxh5 37. Bxh5 Rb3 38. Rg6+ Kf8 39. Rxd6 Rxb4
40. Rf6+ Ke7 41. Rxf5 Nc3 42. Bf3 Rb6 43. Re5+ Kf6 44. Re3 Na4 45. g4 Nc5 46.
Rc3 Rb5 47. Kg3 Ra5 48. Kh4 Rb5 49. Kh5 Kg7 50. Re3 Rb2 51. Re7+ Kf6 52. Re2
Rb3 53. g5+ Kf5 54. Bg4+ Kxf4 55. gxh6 Ne4 56. Rxe4+ Kxe4 57. d6 Rb8 58. Kg6
Ke5 59. d7 Rg8+ 60. Kf7 Rh8 61. Kg7 1-0

[Event "Prazsky pohar 2007"]
[Site "Praha"]
[Date "2007.11.27"]
[Round "8"]
[White "Smid, Miroslav"]
[Black "Seleljo, Daniel"]
[Result "1-0"]
[WhiteElo "2215"]
[BlackElo "2259"]
[PlyCount "67"]
[EventDate "2007.09.??"]
[EventType "swiss"]
[EventRounds "9"]
[EventCountry "CZE"]
[SourceDate "2007.10.10"]

1. e4 c5 2. Nf3 Nc6 3. d4 cxd4 4. Nxd4 Nf6 5. Nc3 Qb6 6. Nb3 e6 7. Be3 Qc7 8.
Qd2 Bb4 9. f3 d5 10. a3 Be7 11. exd5 Nxd5 12. Nxd5 exd5 13. Qxd5 Be6 14. Qe4
Rd8 15. Be2 Bd5 16. Qf4 Bd6 17. Qh4 Be7 18. Qg3 Qxg3+ 19. hxg3 Bxb3 20. cxb3
Bf6 21. Rb1 Nd4 22. Kf2 a5 23. Rh5 O-O 24. Rxa5 Nc2 25. Bb6 Rd6 26. Bc5 Rd5 27.
Rd1 Bd4+ 28. Bxd4 Rxa5 29. Bc3 Rc5 30. Rd2 Nxa3 31. Bb4 Nb1 32. Rd1 Rc2 33.
Bxf8 Rxb2 34. Rd8 1-0